[Event "Padova op-A 16th"]
[Site "Padova"]
[Date "2013.12.19"]
[Round "6.28"]
[White "Giuriato, Sergio"]
[Black "Nepi, Ezio"]
[Result "0-1"]
[WhiteElo "1963"]
[BlackElo "1924"]
[PlyCount "72"]
[EventDate "2013.12.15"]
[EventType "swiss"]
[EventRounds "9"]
[EventCountry "ITA"]
[SourceTitle "EXT 2024"]
[Source "ChessBase"]
[SourceDate "2023.10.10"]
[SourceVersion "1"]
[SourceVersionDate "2023.10.10"]
[SourceQuality "1"]

1. d4 d5 2. c4 c6 3. Nf3 Nf6 4. e3 Bf5 5. Nc3 e6 6. Nh4 Bg4 7. f3 Bh5 8. g3 Be7 9. Ng2 0-0 10. Nf4 Bg6 11. Nxg6 hxg6 12. Qb3 Qc7 13. Bd2 Nbd7 14. cxd5 exd5 15. Bg2 Rfe8 16. 0-0 Qb6 17. Qxb6 Nxb6 18. e4 Bb4 19. e5 Bxc3 20. Bxc3 Nh7 21. a4 Ng5 22. f4 Ne4 23. f5 Nxc3 24. bxc3 gxf5 25. Rxf5 Nc4 26. Rf2 a5 27. Rb1 Reb8 28. Bf1 b5 29. Bxc4 dxc4 30. axb5 cxb5 31. d5 b4 32. d6 b3 33. d7 a4 34. Rf4 a3 35. Rxc4 a2 36. Rf1 b2 0-1

[Event "Opatija op-A"]
[Site "Opatija"]
[Date "2013.07.01"]
[Round "3"]
[White "Franciskovic, Borka"]
[Black "Nepi, Ezio"]
[Result "1-0"]
[WhiteElo "2277"]
[BlackElo "1921"]
[PlyCount "59"]
[EventDate "2013.06.29"]
[EventType "swiss"]
[EventRounds "9"]
[EventCountry "CRO"]
[SourceTitle "CBM 155 Extra"]
[Source "ChessBase"]
[SourceDate "2013.08.26"]
[SourceVersion "1"]
[SourceVersionDate "2013.08.26"]
[SourceQuality "1"]

1. Nf3 Nf6 2. g3 d5 3. Bg2 Bf5 4. c4 dxc4 5. Na3 c6 6. Nxc4 Nbd7 7. 0-0 e6 8. b3 Be7 9. Bb2 0-0 10. d3 h6 11. Rc1 Bh7 12. d4 Nb6 13. Nfe5 Nxc4 14. Nxc4 a5 15. e3 a4 16. bxa4 Nd5 17. Qb3 Ra7 18. e4 Nf6 19. Rfe1 Qa8 20. a5 Bd8 21. Bc3 Nd7 22. Bb4 c5 23. dxc5 Be7 24. Qe3 Rc8 25. Nb6 Nxb6 26. cxb6 Bxb4 27. Rxc8+ Qxc8 28. bxa7 Bxe1 29. Qxe1 e5 30. Qc3 1-0

[Event "Milan Palladino Memorial"]
[Site "Milan"]
[Date "2013.03.31"]
[Round "5"]
[White "Marchini, Daniele"]
[Black "Nepi, Ezio"]
[Result "1-0"]
[WhiteElo "1873"]
[BlackElo "1977"]
[PlyCount "51"]
[EventDate "2013.03.28"]
[EventType "swiss"]
[EventRounds "7"]
[EventCountry "ITA"]
[SourceTitle "EXT 2014"]
[Source "ChessBase"]
[SourceDate "2013.11.20"]
[SourceVersion "1"]
[SourceVersionDate "2013.11.20"]
[SourceQuality "1"]

1. d4 d5 2. c4 c6 3. e3 Nf6 4. Nc3 e6 5. Nf3 Nbd7 6. Qc2 b6 7. b3 Bb7 8. Be2 Be7 9. 0-0 0-0 10. Bb2 Rc8 11. Ne5 Qc7 12. f4 c5 13. Nb5 Qb8 14. Rf3 Rfd8 15. Rh3 Nf8 16. f5 dxc4 17. fxe6 Nxe6 18. Bxc4 Bd5 19. Bxd5 cxd4 20. Nc6 Rxc6 21. Bxc6 Rc8 22. Bxd4 Nxd4 23. Nxd4 Bc5 24. Rf1 Bxd4 25. exd4 Qd6 26. Rxf6 1-0

[Event "Milan Palladino Memorial"]
[Site "Milan"]
[Date "2013.03.29"]
[Round "2"]
[White "Gemelli, Giovanni"]
[Black "Nepi, Ezio"]
[Result "0-1"]
[WhiteElo "1882"]
[BlackElo "1977"]
[PlyCount "76"]
[EventDate "2013.03.28"]
[EventType "swiss"]
[EventRounds "7"]
[EventCountry "ITA"]
[SourceTitle "EXT 2014"]
[Source "ChessBase"]
[SourceDate "2013.11.20"]
[SourceVersion "1"]
[SourceVersionDate "2013.11.20"]
[SourceQuality "1"]

1. e4 c5 2. Nf3 d6 3. d4 cxd4 4. Nxd4 Nf6 5. Nc3 Nc6 6. Bc4 e5 7. Nf3 h6 8. 0-0 Be6 9. Bb3 Be7 10. Re1 0-0 11. Nd5 Bxd5 12. Bxd5 Nxd5 13. Qxd5 Rc8 14. c3 Na5 15. Be3 b6 16. Nd2 Qc7 17. Rad1 Rfd8 18. Kh1 Qc6 19. Nf1 a6 20. Bc1 b5 21. Ne3 Nc4 22. Nf5 Bf8 23. Qd3 Nb6 24. Qg3 Kh7 25. Qf3 Qc4 26. a3 Qe6 27. Ne3 Rc5 28. Rd3 d5 29. Red1 d4 30. cxd4 Rxd4 31. Rxd4 exd4 32. Nf5 Qc4 33. Bd2 Rc7 34. Ba5 Rc6 35. e5 Na4 36. Nxd4 Nxb2 37. Rg1 Rg6 38. Nf5 Nd3 0-1

[Event "Milan Molinari Memorial 6th"]
[Site "Milan"]
[Date "2012.10.28"]
[Round "6"]
[White "Nepi, Ezio"]
[Black "Papale, Carmelo"]
[Result "1-0"]
[WhiteElo "1914"]
[BlackElo "1865"]
[PlyCount "81"]
[EventDate "2012.10.24"]
[EventType "swiss"]
[EventRounds "6"]
[EventCountry "ITA"]
[SourceTitle "EXT 2014"]
[Source "ChessBase"]
[SourceDate "2013.11.20"]
[SourceVersion "1"]
[SourceVersionDate "2013.11.20"]
[SourceQuality "1"]

1. d4 Nf6 2. c4 c5 3. d5 b5 4. Qc2 g6 5. e4 d6 6. Nf3 Bg7 7. cxb5 a6 8. Nc3 0-0 9. h3 Qb6 10. a4 axb5 11. Bxb5 Na6 12. 0-0 Nb4 13. Qe2 Bb7 14. Be3 Ne8 15. Nd2 Nc7 16. Nc4 Qa7 17. Qd2 Rfb8 18. Bg5 Bc8 19. Na3 Be5 20. Bc4 Bd7 21. b3 Rb7 22. Be3 Qa5 23. Rac1 Rab8 24. f4 Bg7 25. f5 Qa7 26. fxg6 hxg6 27. Bh6 Be5 28. Rf3 f6 29. Bf4 Bd4+ 30. Be3 Be5 31. Rcf1 Kf7 32. Bf4 Bd4+ 33. Kh1 Rh8 34. Ne2 Be5 35. Bxe5 dxe5 36. d6+ Ne6 37. dxe7 Kxe7 38. Rxf6 Nf4 39. Rf7+ Ke8 40. Nxf4 exf4 41. Qxf4 1-0

[Event "Milan Molinari Memorial 6th"]
[Site "Milan"]
[Date "2012.10.26"]
[Round "3"]
[White "Nepi, Ezio"]
[Black "Bemporad, Filippo"]
[Result "0-1"]
[WhiteElo "1914"]
[BlackElo "2040"]
[PlyCount "54"]
[EventDate "2012.10.24"]
[EventType "swiss"]
[EventRounds "6"]
[EventCountry "ITA"]
[SourceTitle "EXT 2014"]
[Source "ChessBase"]
[SourceDate "2013.11.20"]
[SourceVersion "1"]
[SourceVersionDate "2013.11.20"]
[SourceQuality "1"]

1. d4 Nf6 2. c4 e6 3. g3 Bb4+ 4. Bd2 Be7 5. Bg2 d5 6. Nf3 0-0 7. 0-0 b6 8. cxd5 Nxd5 9. Nc3 Bb7 10. Rc1 Nd7 11. Nxd5 Bxd5 12. Qa4 c5 13. Be3 cxd4 14. Bxd4 Nc5 15. Bxc5 Bxc5 16. e4 Bb7 17. Rfd1 Qe8 18. Qc2 Rc8 19. Qe2 Qe7 20. Ne5 Rfd8 21. a3 a5 22. Qb5 Qg5 23. Rxd8+ Rxd8 24. Rxc5 bxc5 25. f4 Qe7 26. Nc4 Qd7 27. Qxa5 Qd4+ 0-1

[Event "Latschach op 28th"]
[Site "Latschach"]
[Date "2012.08.11"]
[Round "1"]
[White "Epishin, Vladimir"]
[Black "Nepi, Ezio"]
[Result "1-0"]
[WhiteElo "2576"]
[BlackElo "1927"]
[PlyCount "49"]
[EventDate "2012.08.11"]
[EventType "swiss"]
[EventRounds "9"]
[EventCountry "AUT"]
[SourceTitle "CBM 149 Extra"]
[Source "ChessBase"]
[SourceDate "2012.08.24"]
[SourceVersion "1"]
[SourceVersionDate "2012.08.24"]
[SourceQuality "1"]

1. d4 d5 2. c4 c6 3. e3 Nf6 4. Qc2 e6 5. Nd2 Nbd7 6. Ngf3 b6 7. Bd3 Bb7 8. 0-0 Be7 9. e4 dxe4 10. Nxe4 0-0 11. Rd1 Qc8 12. Bg5 h6 13. Bh4 c5 14. d5 exd5 15. cxd5 Nxd5 16. Bxe7 Nxe7 17. Nd6 Qc7 18. Nxb7 Qxb7 19. Bh7+ Kh8 20. Be4 Nc6 21. Rd6 Rac8 22. Qd2 Nf6 23. Rxf6 gxf6 24. Qxh6+ Kg8 25. Qh7# 1-0

[Event "Condino op 12th"]
[Site "Condino"]
[Date "2012.07.25"]
[Round "4"]
[White "Garonzi, Martino"]
[Black "Nepi, Ezio"]
[Result "1/2-1/2"]
[WhiteElo "2025"]
[BlackElo "1927"]
[PlyCount "125"]
[EventDate "2012.07.22"]
[EventType "swiss"]
[EventRounds "7"]
[EventCountry "ITA"]
[SourceTitle "CBM 149 Extra"]
[Source "ChessBase"]
[SourceDate "2012.08.24"]
[SourceVersion "1"]
[SourceVersionDate "2012.08.24"]
[SourceQuality "1"]

1. e4 c5 2. Nf3 d6 3. d4 cxd4 4. Nxd4 Nf6 5. Nc3 Nc6 6. Bc4 e5 7. Nf3 Be6 8. Bd5 h6 9. h3 Be7 10. Be3 Qa5 11. 0-0 0-0 12. Qd2 Rac8 13. Rfd1 Rfd8 14. Rac1 a6 15. Bxc6 bxc6 16. Nd5 Qxd2 17. Nxe7+ Kf8 18. Nxd2 Kxe7 19. f4 exf4 20. Bxf4 d5 21. e5 Nd7 22. c4 Nb6 23. c5 Na4 24. Rc2 Bf5 25. Rcc1 Nxb2 26. Rf1 Nd3 27. Rc3 Nxf4 28. Rxf4 Bg6 29. Ra3 Rd7 30. Rxa6 Rb7 31. Nf3 Bd3 32. Ra3 Rb1+ 33. Kh2 Be4 34. Ra7+ Ke6 35. Rfxf7 Re8 36. Nd4+ Kxe5 37. Nxc6+ Ke6 38. Rxg7 Rc1 39. Nd4+ Ke5 40. Nc6+ Ke6 41. Nd4+ Ke5 42. Nb3 Rc2 43. Rad7 Re6 44. a3 Rc3 45. Nd2 Rxc5 46. Rge7 Bxg2 47. Kxg2 Rc2 48. Rxe6+ Kxe6 49. Ra7 Rxd2+ 50. Kf3 Rd3+ 51. Kg4 h5+ 52. Kh4 Ke5 53. a4 Ra3 54. a5 d4 55. a6 Kd6 56. Ra8 Kc7 57. Kxh5 Rxh3+ 58. Kg4 Re3 59. Kf4 Ra3 60. Ke4 d3 61. Ke3 Kb6 62. Rd8 Rxa6 63. Rxd3 1/2-1/2